01409nab a2200241 a 450000500170000000700030001700800410002004000280006104100080008910000260009724500590012326400660018230000280024833600290027633700340030533800280033936200350036752105930040265000860099577300540108194200150113599900170115020250203074432.0ta250203edr dr |||||r||||||0| 0 spa d aDO-SdBNPcDO-SdBNPerda hspa aMateo, Felíx986936 aEconomía del gas natural líquido /cFelíx Mateo. aSanto Domingo, República Dominicana :bRevista GEM, c2013. apáginas 11 ; c27 cm. atextobtxt 2rdacontent  asin mediación bn2rdamedia avolumenbnc2rdacarrier aAño 1, No.1. Diciembre 2013. aLas fuentes energéticas a bajo costo son vitales para el desarrollo económico de los sectores productivos y la prosperidad de una nación; estos sectores para ser competitivos buscan alternativas más económicas que le permitan un mejor posicionamiento en el mercado. En las últimas décadas el consumo de Gas Natural se ha mantenido creciendo por la fuerte demanda y además se debe a sus bondades económicas, ambientales y a su alta eficiencia energética; razones que nos obligan a tratar más profundamente las interioridades y características de este combustible.  0aGas natural líquido986937vPublicaciones periódicas zRepública Dominicana0 0580959320241o2025-0579tGas Energía & Minas / 2ddccISSUE c58099d58099